LEADER 01618nam a2200301 i 4500 001 000000133990 003 CaOOAMICUS 005 20080619000000.0 008 080619s2008 it u000 u ita u 013 $a107054 020 $a978-88-372-2226-0 040 $aSeMil$bita 100 1 $aPatti, Martino.$0(OLS)http://semarc/name/54800 245 10$aChiesa cattolica tedesca e Terzo Reich (1933-1934) :$bil caso M. Schmaus, J. Lortz, F. Taeschner, J. Pieper, F. von Papen /$cMartino Patti ; prefazione di Daniele Menozzi. 260 $aBrescia :$bMorcelliana,$c2008. 300 $a364 p. :$bill. ;$c21 cm. 490 0 $aStoria 500 $aSegue: Appendice bibliografica (pp. 315-341). - Contiene testi di Schmaus, Lortz, Taeschner, Pieper, von Papen pubblicati dall'editore Aschendorff nella collana Reich und Kirche tra il 1933 e il 1934. 650 4$aChiesa e nazismo.$0(OLS)http://semarc/subject/26300 650 4$aChiesa cattolica - Germania - 1933-1934 - Documenti.$0(OLS)http://semarc/subject/26301 700 1 $aMenozzi, Daniele,$d<1947- >.$0(OLS)http://semarc/name/1372 830 0$aStoria .$0(OLS)http://semarc/title/975 850 $aSeMil 852 $aSeMil$W1$xVenegono$y1$m3A III 279$j87773$B87773$CSeMilBibl$Z2$F134750 $81 961 $aAcquisto: DEA 996 $6020$a978-88-372-2226-0$9(OLS)http://semarc/number/121146 996 $6245$aChiesa cattolica tedesca e Terzo Reich (1933-1934) :$bil caso M. Schmaus, J. Lortz, F. Taeschner, J. Pieper, F. von Papen$9(OLS)http://semarc/title/196044 996 $6260$aBrescia :$bMorcelliana$9(OLS)http://semarc/publisher/29629 LEADER 01355nam a2200301 4500 001 000000363796 003 CaOOAMICUS 005 20250805083559.0 008 250804s2004 it 000 u ita r 020 $a88-339-1556-5 040 $aSeMil$bita 100 1 $aArendt, Hannah,$d<1906-1975>.$0(OLS)http://semarc/name/5933 240 10$aBetween past and future.$0(OLS)http://semarc/title/193121 245 10$aVerità e politica /$cHannah Arendt ; seguito da La conquista dello spazio e la statura dell'uomo ; a cura di Vincenzo Sorrentino. 264 1$aTorino :$bBollati Boringhieri,$c2004. 300 $a99 p. ;$c20 cm 490 1 $aTemi ;$v143 501 $aLa conquista dello spazio e la statura dell'uomo / Hannah Arendt 650 4$aFilosofia politica.$0(OLS)http://semarc/subject/358 700 1 $aSorrentino, Vincenzo,$d<1964- >.$0(OLS)http://semarc/name/34602 830 0$aTemi ;$v143.$0(OLS)http://semarc/title/437863 850 $aSeMil 852 $aSeMil$W1$xVenegono$y1$m2G I 19$j260441$B254653$CSeMilBibl$Z2$F254653 $81 961 $aSequeri mons. Pierangelo - Omaggio 996 $6020$a88-339-1556-5$9(OLS)http://semarc/number/303807 996 $6245$aVerità e politica$9(OLS)http://semarc/title/455112 996 $6264$aTorino :$bBollati Boringhieri$9(OLS)http://semarc/publisher/31556